| Tag |
First Indicator |
Second Indicator |
Subfields |
| LEADER |
00000cam a2200000 a 4500 |
| 001 |
in00000033112 |
| 005 |
20151007055125.0 |
| 008 |
870821s1987 enka b 00010 eng d |
| 020 |
|
|
|a 0194371336
|
| 035 |
|
|
|a (OCoLC)16518916
|
| 035 |
|
|
|9 AAB7325AM
|
| 040 |
|
|
|a EYW
|c EYW
|d PIT
|d AAA
|d TXA
|d UtOrBLW
|
| 049 |
|
|
|a TXAM
|c [A11110166]
|
| 050 |
|
4 |
|a PE1128.A2
|b W75 1987
|
| 100 |
1 |
|
|a Wright, Tony.
|
| 245 |
1 |
0 |
|a Roles of teachers and learners /
|c Tony Wright.
|
| 264 |
|
1 |
|a Oxford ;
|a New York :
|b Oxford University Press,
|c 1987.
|
| 300 |
|
|
|a xi, 164 pages :
|b illustrations ;
|c 25 cm.
|
| 336 |
|
|
|a text
|b txt
|2 rdacontent
|
| 337 |
|
|
|a unmediated
|b n
|2 rdamedia
|
| 338 |
|
|
|a volume
|b nc
|2 rdacarrier
|
| 490 |
1 |
|
|a Language teaching, a scheme for teacher education
|
| 504 |
|
|
|a Bibliography: pages [161]-164.
|
| 500 |
|
|
|a Cover title: Roles of teachers & learners.
|
| 650 |
|
0 |
|a English language
|x Study and teaching.
|
| 650 |
|
0 |
|a English language
|x Study and teaching
|x Foreign speakers.
|
| 740 |
0 |
|
|a Roles of teachers & learners.
|
| 830 |
|
0 |
|a Language teaching, a scheme for teacher education.
|
| 999 |
|
|
|a MARS
|
| 999 |
f |
f |
|s a482f079-59ae-3b79-88b1-2fe7425baf59
|i 78972185-7ed0-3cd2-86b8-8bd145e9b86d
|t 0
|
| 952 |
f |
f |
|p ric
|a Texas A&M University
|b Rellis Campus
|c Joint Library Facility
|s JLF
|d Remote Storage
|t 0
|e PE1128.A2 W75 1987
|h Library of Congress classification
|i unmediated -- volume
|m A14811110166
|
| 998 |
f |
f |
|a PE1128.A2 W75 1987
|t 0
|l Remote Storage
|